The sociology of childhood/

Збережено в:
Бібліографічні деталі
Автор: CORSARO, William A.
Формат: Книга
Мова:Англійська
Опубліковано: Sage, 2018.
Теги: Додати тег
Немає тегів, Будьте першим, хто поставить тег для цього запису!

MARC

LEADER 00000nam a22000007a 4500
008 210819b ||||| |||| 00| 0 eng d
020 |a  ISBN: 978-1-5063-9073-4 
100 |a CORSARO, William A. 
245 |a The sociology of childhood/   |c  William A. Corsaro  |g  xvii: 482p.; ill. 
250 |b  5th ed.  |c  William A. Corsaro 
260 |b  Sage,   |c 2018.   |h  Los Angeles  |i 691970 – Soc. Sci.  |i 691971  |l HQ767.9 .C81  |m 1. Children.  |m I. Title. 
500 |a “It includes index and references” 
942 |a lcc  |c BK  |e j. o. ifatola  |f 19/ 09/ 2021 
952 |0 0  |1 0  |2 lcc  |4 0  |6 HQ07679 C81  |7 0  |9 3161  |a SSL  |b HOL  |d 2021-08-19  |l 0  |o HQ767.9 .C81  |p 2021-66859  |r 2021-08-19 00:00:00  |w 2021-08-19  |y BK 
952 |0 0  |1 0  |2 lcc  |4 0  |6 HQ07679 C81  |7 0  |9 3162  |a SSL  |b HOL  |c GJ  |d 2021-08-19  |l 0  |o HQ767.9 .C81  |p 2021-66860  |r 2021-08-19 00:00:00  |w 2021-08-19  |y BK 
999 |c 1599  |d 1599